March Madness Number One Seeds (2010-2025) - Statistics

General Stats
  • This quiz has been taken 104 times
    62 since last reset
  • The average score is 53 of 60
Answer Stats
Hint Answer % Correct
2025 Duke
100%
2019 Duke
100%
2015 Duke
100%
2011 Duke
100%
2010 Duke
100%
2025 Florida
100%
2014 Florida
100%
2025 Houston
100%
2024 Houston
100%
2023 Houston
100%
2025 Auburn
98%
2024 Purdue
98%
2023 Purdue
98%
2024 UConn
98%
2023 Alabama
96%
2015 Kentucky
95%
2012 Kentucky
95%
2010 Kentucky
95%
2021 Michigan
95%
2024 North Carolina
95%
2019 North Carolina
95%
2017 North Carolina
95%
2016 North Carolina
95%
2012 North Carolina
95%
2023 Kansas
93%
2022 Kansas
93%
2018 Kansas
93%
2017 Kansas
93%
2016 Kansas
93%
2013 Kansas
93%
2011 Kansas
93%
2010 Kansas
93%
2022 Gonzaga
91%
2021 Gonzaga
91%
2019 Gonzaga
91%
2017 Gonzaga
91%
2013 Gonzaga
91%
2012 Michigan St
91%
2022 Baylor
86%
2021 Baylor
86%
2019 Virginia
86%
2018 Virginia
86%
2016 Virginia
86%
2014 Virginia
86%
2018 Villanova
84%
2017 Villanova
84%
2015 Villanova
84%
2015 Wisconsin
84%
2022 Arizona
79%
2014 Arizona
79%
2016 Oregon
75%
2011 Ohio St
73%
2021 Illinois
68%
2013 Louisville
68%
2012 Syracuse
66%
2010 Syracuse
66%
2013 Indiana
61%
2018 Xavier
61%
2014 Wichita St
54%
2011 Pittsburgh
23%
No matching quizzes found
Score Distribution
Percent of People with Each Score
Percentile by Number Answered
Your Score History
You have not taken this quiz since the last reset